000 00364nam a2200145Ia 4500
008 231129s2006||||xx |||||||||||||| ||spa||
020 _a950-49-1526-4 (edici
040 _bspa
082 _aB869.3 C672br
100 _aCoelho Paulo
245 0 _aLa bruja de Portobello
260 _c2006
264 _aPlaneta
942 _2ddc
_cBKS
999 _c16502
_d16502